Evolutionary Biology Quiz #1 Hard - Statistics

General Stats
  • This quiz has been taken 5 times
  • The average score is 8 of 15
Answer Stats
Hint Answer % Correct
A shifting diet contributed to an expansion in brain size in what human ancestor? Homo erectus
100%
What type of speciation occurs when populations are geographically separated? Allopatric
75%
What type of mimicry occurs when a harmless species evolves to resemble a dangerous one? Batesian
75%
By what process do alleles become more common by chance alone? Genetic drift
75%
What term describes similarity due to shared ancestry? Homology
75%
What did Richard Dawkins call ideas that spread from person to person, analogous to genes? Memes
75%
Early life may have evolved in a molecular ____ of organic molecules. Soup
75%
The two-sex-system (males and females) evolved from isogamy to what? Anisogamy
50%
Sickle-cell alleles persist because heterozygotes have an advantage against what disease? Malaria
50%
Which naturalist was independently writing about natural selection at the same time as Darwin? Alfred Wallace
25%
What behaviour would we expect to evolve when Hamilton's rule is satisfied? Altruism
25%
Darwin said that the sight of peacock feathers made him feel what? Sick
25%
What fossils provide some of the earliest evidence of microbial life around 3.5 billion years ago? Stromatolites
25%
Which hypothesis suggests that organisms must continually evolve just to keep up with ever-evolving counterparts? Red Queen hypothesis
0%
What is a shared derived trait called? Synapomorphy
0%
No matching quizzes found
Score Distribution
Percent of People with Each Score
Percentile by Number Answered
Your Score History
You have not taken this quiz